| 000 | 00469nam a2200193Ia 4500 | ||
|---|---|---|---|
| 003 | GCL | ||
| 008 | 140319s9999 xx 000 0 eng d | ||
| 040 |
_aGCL / _cGCL |
||
| 082 | 0 | 4 |
_a843 _bG A |
| 100 | 1 | _aGARY, ROMAIN | |
| 245 | 1 | 0 |
_aL'ANGOISSE DU ROI SALOMON / _cGARY, ROMAIN |
| 260 |
_a[S.N] : _bFOLIO ، _c1994 |
||
| 300 | _a349 P | ||
| 650 | 0 | 4 | _aLITERATURE |
| 650 | 0 | 4 | _aFICTION |
| 650 | 0 | 4 | _aFRENCH FICTION |
| 650 | 0 | 4 | _aFRENCH LITERATURE |
| 942 |
_2ddc _cBK |
||
| 999 |
_c10556 _d10556 |
||